Proverbes et maximes à compléter - Statistiques

Statistiques générales
  • Ce quiz a été pris 3 347 fois
  • Le résultat moyen est 42 sur 66
Statistiques - réponses
Début mot manquant fin. % Correct
C'est l'hôpital qui se fout de la charité.
93%
C'est en forgeant que l'on devient forgeron.
92%
Petit à petit, l'oiseau fait son nid .
91%
La nuit porte conseil.
91%
La fin justifie les moyens.
89%
Plus on est de fous , plus on rit.
89%
Il ne faut pas vendre la peau de l'ours avant de l'avoir tué.
89%
Qui se ressemble s'assemble.
89%
Pierre qui roule n' amasse pas mousse.
88%
Qui vole un oeuf vole un boeuf.
88%
Mieux vaut prévenir que guérir.
87%
Chercher une aiguille dans une botte de foin.
85%
Les chiens ne font pas des chats.
85%
Il n'y a pas de fumée sans feu.
85%
Quand on parle du loup , on en voit la queue.
84%
Trouver chaussure à son pied.
83%
Les grands esprits se rencontrent.
83%
Le temps c'est de l'argent.
82%
Qui peut le plus peut le moins.
81%
L' erreur est humaine.
80%
Tout vient à point à qui sait attendre.
79%
Un tiens vaut mieux que deux , tu l'auras.
77%
Il ne faut pas mélanger les torchons et les serviettes.
76%
Qui sème le vent récolte la tempête.
76%
Caresse de chat ça donne des puces.
75%
Qui veux la paix prépare la guerre.
74%
Qui s'y frotte s'y pique.
73%
Avec des " si " on mettrait Paris en bouteille.
73%
L' argent n'a pas d'odeur.
72%
Les cordonniers sont les plus mal chaussés .
72%
C"est la goutte d'eau qui fait déborder le vase.
70%
Rome ne s'est pas faite en un jour.
69%
Qui va a la chasse perd sa place.
67%
Aux grands maux les grands remèdes.
67%
Les chiens aboient , la caravane passe.
65%
On ne peut pas être au four et au moulin.
64%
Qui aime bien, châtie bien.
63%
Les absents ont toujours tort.
62%
A bon entendeur , salut.
62%
Tout ce qui brille n'est pas or.
61%
On ne fait pas d' omelettes sans casser des oeufs.
61%
Aide-toi, le ciel t'aidera.
59%
Chacun voit midi à sa porte.
58%
Chose promise , chose due.
58%
La vengeance est un plat qui se mange froid.
58%
Chassez le naturel, il revient au galop .
57%
C'est dans les vieux pots qu'on fait les meilleures soupes.
57%
Bien mal acquis ne profite jamais.
54%
Il n'y a pas de sot métier.
52%
Mieux vaut s'adresser à Dieu qu'à ses saints.
51%
La raison du plus fort est toujours la meilleure.
48%
Les paroles s'en vont, les écrits restent.
47%
A coeur vaillant , rien d'impossible.
47%
Qui veut voyager loin ménage sa monture.
45%
Qui ne dit mot consent .
40%
Prudence est mère de sûreté.
40%
C'est cousu de fil blanc .
38%
Faute de grives , on mange des merles.
34%
S'entendre comme larrons en foire.
31%
Il n'est pire sourd que celui qui ne veut entendre.
30%
Chat échaudé craint l'eau froide.
29%
Il faut séparer le bon grain de l'ivraie.
29%
Ventre affamé n'a pas d'oreilles.
27%
Charité bien ordonnée commence par soi-même.
25%
La valeur n'attend pas le nombre des années.
17%
L' oisiveté est la mère de tous les vices.
14%
Aucun quiz correspondant
Distribution des résultats
% des personnes avec chaque résultat
Percentile par nombre de réponses
Votre historique - résultats
Vous n’avez pas pris ce quiz